|
|
|
|
| LEADER |
00000cam a2200000 7i4500 |
| 001 |
0000007008 |
| 002 |
000007545 |
| 005 |
20000330.0 |
| 020 |
|
|
|a 9838911577
|
| 090 |
0 |
0 |
|a JF
|b JAM
|
| 100 |
0 |
|
|a Jamilah Alias
|
| 245 |
0 |
0 |
|a Sebuah peti sepucuk surat
|c Jamilah Alias
|
| 260 |
|
|
|a Kuala Lumpur :
|b Penerbit Orkid ,
|c 1996
|
| 300 |
|
|
|a 60 p. :
|b ill. ;
|c 18 cm.
|
| 490 |
0 |
|
|a Siri antologi cerpen melati
|
| 650 |
0 |
0 |
|a Children's stories, Malay
|
| 999 |
|
|
|a 054450
|b BUKU
|c PINJAMAN
|e PERPUSTAKAAN KOMUNITI CAW KOTA DAMANSARA
|
| 999 |
|
|
|a 054451
|b BUKU
|c PINJAMAN
|e PERPUSTAKAAN KOMUNITI CAW KOTA DAMANSARA
|